| 000 | 00654nam a2200229Ia 4500 | ||
|---|---|---|---|
| 003 | OSt | ||
| 005 | 20220928101739.0 | ||
| 006 | a|||||r|||| 00| 0 | ||
| 007 | ta | ||
| 008 | 220927b |||||||| |||| 00| 0 eng d | ||
| 024 | _a41204 | ||
| 037 | _cTextual | ||
| 040 |
_aSDCL _cSDCL _beng |
||
| 041 |
_2eng _aeng |
||
| 082 | _aS1:437.571'N8, N0 | ||
| 100 |
_aPramling Ingrid _9394679 |
||
| 245 | 0 |
_aLearning to learn _b A study of Swedish preschool children. |
|
| 260 |
_aNew York _b Springer-Verlag _c1990 |
||
| 300 |
_a120p. _ccm. |
||
| 942 |
_hS1:437.571'N8, N0 _cTEXL _2CC |
||
| 999 |
_c710284 _d710284 |
||